| 000 | 00822nam0a22002411 4500 | ||
|---|---|---|---|
| 001 | rc\693027 | ||
| 005 | 20260406135638.0 | ||
| 035 | _a(NLR Aleph) 005929547 | ||
| 090 |
_a6563505 _c6563505 |
||
| 100 | _a20031121d1985 |||y0rusy50 ca | ||
| 101 | 0 | _arus | |
| 102 | _aRU | ||
| 105 | _aa ||||||||| | ||
| 200 | 1 |
_aСтрекоза и муравей _e[Басни _eДля детей дошк. возраста _fХудож. Е. Жилин] |
|
| 210 |
_aМинск _cЮнацтва _d1985 |
||
| 215 |
_a1 л. слож. в [6] с. _cцв. ил. _d19 |
||
| 700 | 1 |
_4070 _8rus _7ca _aКрылов _bИ. А. _cбаснописец _f1769-1844 _gИван Андреевич _3RU\NLR\AUTH\772707 _9112715 |
|
| 801 | 0 |
_aRU _bNLR _gpsbo |
|
| 801 | 1 |
_aRU _bELAR _2rusmarc |
|
| 852 |
_aNLR _j85-4/40783 |
||
| 942 | _cBOOK | ||
| 980 | _aNB | ||